[Event "Sabadell op-B 9th"]
[Site "Sabadell"]
[Date "2016.09.01"]
[Round "1"]
[White "Lopez Martinez, Angel"]
[Black "Segarra Calderer, Albert"]
[Result "0-1"]
[WhiteElo "1652"]
[BlackElo "2060"]
[PlyCount "102"]
[EventDate "2016.09.01"]
[EventType "swiss"]
[EventRounds "9"]
[EventCountry "ESP"]
[SourceTitle "CBM 174 Extra"]
[Source "ChessBase"]
[SourceDate "2016.10.10"]
[SourceVersion "1"]
[SourceVersionDate "2016.10.10"]
[SourceQuality "1"]

1. e4 d5 2. exd5 Qxd5 3. Nf3 Nf6 4. Nc3 Qa5 5. Bc4 c6 6. 0-0 Bf5 7. d4 e6 8. Bf4 Bb4 9. Ne2 Bg4 10. Qd3 0-0 11. c3 Be7 12. Bb3 Qf5 13. Qxf5 Bxf5 14. Ne5 Nbd7 15. Rad1 Nxe5 16. dxe5 Nd5 17. Bxd5 cxd5 18. Nd4 Bg6 19. g4 a6 20. a4 Rac8 21. g5 Rc4 22. Ra1 Bh5 23. f3 b5 24. axb5 axb5 25. Be3 b4 26. Ra4 Rfc8 27. Nb5 bxc3 28. Rxc4 Rxc4 29. bxc3 Bc5 30. Bxc5 Rxc5 31. Ra1 h6 32. Ra8+ Kh7 33. g6+ Bxg6 34. Rb8 Bh5 35. Kf2 Rc4 36. Kg3 Ra4 37. Rc8 Ra1 38. h4 Re1 39. f4 Rg1+ 40. Kf2 Rg4 41. Ke3 Rxh4 42. c4 Rh3+ 43. Kd4 dxc4 44. Rxc4 Be2 45. Rb4 Bxb5 46. Rxb5 Rh1 47. Kc5 Rh4 48. Rb4 g5 49. Rb7 Rxf4 50. Kd6 Kg7 51. Rb3 g4 0-1

[Event "Barcelona Sants op-A18th"]
[Site "Barcelona"]
[Date "2016.08.19"]
[Round "1"]
[White "Segarra Calderer, Albert"]
[Black "Ochsner, Bjorn Moller"]
[Result "0-1"]
[WhiteElo "2060"]
[BlackElo "2417"]
[PlyCount "92"]
[EventDate "2016.08.19"]
[EventType "swiss"]
[EventRounds "10"]
[EventCountry "ESP"]
[SourceTitle "CBM 174 Extra"]
[Source "ChessBase"]
[SourceDate "2016.10.10"]
[SourceVersion "1"]
[SourceVersionDate "2016.10.10"]
[SourceQuality "1"]

1. c4 g6 2. Nc3 Bg7 3. g3 c5 4. Bg2 Nc6 5. Nf3 e6 6. 0-0 Nge7 7. e4 0-0 8. d3 d5 9. exd5 exd5 10. cxd5 Nxd5 11. Nxd5 Qxd5 12. Ng5 Qd7 13. Ne4 b6 14. Bh6 Bb7 15. Bxg7 Kxg7 16. Qf3 f6 17. Nc3 Rad8 18. Rfe1 Rf7 19. Rad1 Ne5 20. Qxb7 Qxb7 21. Bxb7 Rxb7 22. Re3 Rbd7 23. Rde1 Rxd3 24. Kg2 Rxe3 25. Rxe3 Rd2 26. Re2 Rxe2 27. Nxe2 Kf7 28. f4 Nc4 29. b3 Nd6 30. Kf3 Ke6 31. Nc3 b5 32. g4 b4 33. Ne2 Kd5 34. Ke3 a5 35. h4 c4 36. Nd4 h5 37. g5 fxg5 38. fxg5 c3 39. Kd3 Nf5 40. Nf3 Kc5 41. a3 Kd5 42. axb4 axb4 43. Ne1 Nxh4 44. Nc2 Kc5 45. Nd4 Ng2 46. Ne6+ Kd6 0-1

[Event "Sabadell Coral Colon op 10th"]
[Site "Sabadell"]
[Date "2016.02.05"]
[Round "3"]
[White "Segarra Calderer, Albert"]
[Black "Torralba Brosa, Marc"]
[Result "0-1"]
[WhiteElo "1990"]
[BlackElo "1685"]
[PlyCount "52"]
[EventDate "2016.01.22"]
[EventType "swiss"]
[EventRounds "9"]
[EventCountry "ESP"]
[SourceTitle "EXT 2017"]
[Source "ChessBase"]
[SourceDate "2016.10.25"]
[SourceVersion "1"]
[SourceVersionDate "2016.10.25"]
[SourceQuality "1"]

1. c4 Nf6 2. Nc3 g6 3. g3 Bg7 4. Bg2 0-0 5. Nf3 c5 6. 0-0 Nc6 7. d3 d5 8. cxd5 Nxd5 9. Bd2 Nc7 10. Rb1 e5 11. a3 Rb8 12. Ne1 Be6 13. Bxc6 bxc6 14. Be3 Bb3 15. Qd2 Ne6 16. Ne4 Qe7 17. Rc1 c4 18. dxc4 Rfd8 19. Qa5 Nd4 20. Bxd4 Rxd4 21. Qc5 Qc7 22. Nc3 Bf8 23. Nb5 Rxb5 24. Qxd4 exd4 25. cxb5 c5 26. Nc2 Qd7 0-1

[Event "Martorell op 23rd"]
[Site "Martorell"]
[Date "2015.11.14"]
[Round "8"]
[White "Masferrer Niubo, Enric"]
[Black "Segarra Calderer, Albert"]
[Result "1/2-1/2"]
[WhiteElo "2165"]
[BlackElo "2164"]
[PlyCount "86"]
[EventDate "2015.09.19"]
[EventType "swiss"]
[EventRounds "8"]
[EventCountry "ESP"]
[SourceTitle "EXT 2017"]
[Source "ChessBase"]
[SourceDate "2016.10.25"]
[SourceVersion "1"]
[SourceVersionDate "2016.10.25"]
[SourceQuality "1"]

1. e4 d5 2. exd5 Qxd5 3. Nc3 Qa5 4. d4 Nf6 5. Bc4 c6 6. Bd2 Bf5 7. Nd5 Qd8 8. Nxf6+ exf6 9. Nf3 Be7 10. 0-0 0-0 11. Re1 Nd7 12. Nh4 Bg6 13. Nxg6 hxg6 14. Qg4 Nb6 15. Ba5 f5 16. Bxb6 fxg4 17. Bxd8 Bxd8 18. Re4 g3 19. hxg3 Bf6 20. c3 Rfe8 21. f3 Kf8 22. Kf2 b5 23. Bd3 Red8 24. Rh1 Kg8 25. Rd1 Rab8 26. a3 a5 27. Re2 b4 28. axb4 axb4 29. Be4 bxc3 30. bxc3 Rb3 31. Bxc6 Rxc3 32. d5 g5 33. Re8+ Rxe8 34. Bxe8 Kf8 35. Bc6 Be5 36. Rd2 Ke7 37. g4 Kd6 38. g3 f6 39. Kg2 Rb3 40. Rf2 Rb2 41. Rxb2 Bxb2 42. f4 gxf4 43. gxf4 g5 1/2-1/2

[Event "Barcelona Sants op 17th"]
[Site "Barcelona"]
[Date "2015.08.21"]
[Round "1"]
[White "Aabling Thomsen, Jakob"]
[Black "Segarra Calderer, Albert"]
[Result "1-0"]
[WhiteElo "2333"]
[BlackElo "2014"]
[PlyCount "75"]
[EventDate "2015.08.21"]
[EventType "swiss"]
[EventRounds "10"]
[EventCountry "ESP"]
[SourceTitle "EXT 2016"]
[Source "ChessBase"]
[SourceDate "2015.10.08"]
[SourceVersion "1"]
[SourceVersionDate "2015.10.08"]
[SourceQuality "1"]

1. e4 d5 2. exd5 Qxd5 3. Nc3 Qa5 4. d4 Nf6 5. Bc4 c6 6. Bd2 Bf5 7. Qe2 e6 8. d5 cxd5 9. Nxd5 Qd8 10. Nxf6+ gxf6 11. 0-0-0 Qc7 12. Bc3 Be7 13. Kb1 Rg8 14. Nf3 Nc6 15. Nh4 Bg6 16. g3 a6 17. Rhe1 b5 18. Nxg6 Rxg6 19. Bd3 f5 20. Qh5 0-0-0 21. Qxh7 Bc5 22. f4 Bb4 23. Bxb4 Nxb4 24. a3 Nxd3 25. Rxd3 Rxd3 26. cxd3 Kb7 27. Rc1 Qd7 28. Rc3 e5 29. fxe5 f4 30. Qh5 fxg3 31. Qf3+ Kb8 32. hxg3 a5 33. Qf4 Re6 34. d4 b4 35. axb4 axb4 36. Rc5 Qa4 37. Qc1 Qa6 38. Qc4 1-0

[Event "La Pobla de Lillet op 25th"]
[Site "La Pobla de Lillet"]
[Date "2015.08.09"]
[Round "9.10"]
[White "Segarra Calderer, Albert"]
[Black "Amores Gago, Javier"]
[Result "1-0"]
[WhiteElo "2014"]
[BlackElo "2149"]
[PlyCount "52"]
[EventDate "2015.08.01"]
[EventType "swiss"]
[EventRounds "9"]
[EventCountry "ESP"]
[SourceTitle "EXT 2024"]
[Source "ChessBase"]
[SourceDate "2023.10.10"]
[SourceVersion "1"]
[SourceVersionDate "2023.10.10"]
[SourceQuality "1"]

1. c4 e5 2. Nc3 Nc6 3. g3 Bc5 4. Bg2 d6 5. Nf3 a6 6. 0-0 Nge7 7. d3 Bg4 8. a3 Ba7 9. e3 Qd7 10. b4 h5 11. Qc2 h4 12. Ne4 hxg3 13. fxg3 f5 14. Neg5 f4 15. gxf4 exf4 16. c5 dxc5 17. bxc5 Qd5 18. d4 0-0-0 19. Ne5 Nxd4 20. Nxg4 Qxg5 21. exd4 Qxg4 22. Rxf4 Qh5 23. Rb1 c6 24. Bf3 Qg5+ 25. Bg4+ Kb8 26. Qb3 Rd7 1-0

[Event "La Pobla de Lillet op 25th"]
[Site "La Pobla de Lillet"]
[Date "2015.08.08"]
[Round "8.14"]
[White "Segarra Calderer, Albert"]
[Black "Garcia Galeote, Lorenzo"]
[Result "1-0"]
[WhiteElo "2014"]
[BlackElo "1973"]
[PlyCount "49"]
[EventDate "2015.08.01"]
[EventType "swiss"]
[EventRounds "9"]
[EventCountry "ESP"]
[SourceTitle "EXT 2024"]
[Source "ChessBase"]
[SourceDate "2023.10.10"]
[SourceVersion "1"]
[SourceVersionDate "2023.10.10"]
[SourceQuality "1"]

1. c4 g6 2. Nc3 Bg7 3. e4 d6 4. g3 f5 5. d3 Nf6 6. Bg2 Nc6 7. Nge2 0-0 8. 0-0 fxe4 9. dxe4 Be6 10. b3 Qd7 11. Nf4 Bg4 12. f3 Nxe4 13. Nxe4 Bxa1 14. fxg4 Bd4+ 15. Kh1 Bg7 16. Ng5 e5 17. Bd5+ Kh8 18. Be6 Qe8 19. Nd5 Rxf1+ 20. Qxf1 Nd8 21. Bf7 Nxf7 22. Nxf7+ Kg8 23. Nh6+ Kh8 24. Bg5 Bxh6 25. Bxh6 1-0

[Event "Barcelona Sant Marti op-A 17th"]
[Site "Barcelona"]
[Date "2015.07.15"]
[Round "3"]
[White "Brilej, Jaka"]
[Black "Segarra Calderer, Albert"]
[Result "0-1"]
[WhiteElo "1639"]
[BlackElo "2014"]
[PlyCount "62"]
[EventDate "2015.07.13"]
[EventType "swiss"]
[EventRounds "9"]
[EventCountry "ESP"]
[SourceTitle "CBM 167 Extra"]
[Source "ChessBase"]
[SourceDate "2015.09.14"]
[SourceVersion "1"]
[SourceVersionDate "2015.09.14"]
[SourceQuality "1"]

1. e4 d5 2. exd5 Qxd5 3. Nc3 Qa5 4. d4 Nf6 5. Bc4 Bf5 6. Nge2 c6 7. 0-0 e6 8. Ng3 Bg6 9. f4 Be7 10. f5 exf5 11. Qe2 Qd8 12. Be3 0-0 13. Nxf5 Qd7 14. Bd3 Re8 15. Qf3 Bf8 16. Rae1 Na6 17. a3 Nc7 18. Kh1 Ncd5 19. Bd2 Rxe1 20. Rxe1 Re8 21. Rxe8 Qxe8 22. Ne4 Nxe4 23. Bxe4 Qe6 24. Ng3 Nf6 25. Bxg6 hxg6 26. h3 Qa2 27. Qb3 Qb1+ 28. Kh2 Bd6 29. Bb4 Bf4 30. Be7 Ne4 31. Bh4 Nf2 0-1

[Event "Barcelona Sant Marti op-A 17th"]
[Site "Barcelona"]
[Date "2015.07.14"]
[Round "2"]
[White "Segarra Calderer, Albert"]
[Black "Rios Gomez, Cristhian Camilo"]
[Result "0-1"]
[WhiteElo "2014"]
[BlackElo "2435"]
[PlyCount "62"]
[EventDate "2015.07.13"]
[EventType "swiss"]
[EventRounds "9"]
[EventCountry "ESP"]
[SourceTitle "CBM 167 Extra"]
[Source "ChessBase"]
[SourceDate "2015.09.14"]
[SourceVersion "1"]
[SourceVersionDate "2015.09.14"]
[SourceQuality "1"]

1. c4 e5 2. Nc3 Nc6 3. g3 Nf6 4. Bg2 Bc5 5. Nf3 d6 6. 0-0 a6 7. d3 h6 8. a3 0-0 9. e3 Ba7 10. Qc2 Be6 11. b4 Qd7 12. Bb2 Rae8 13. Rac1 Nh7 14. Nd5 Nd8 15. Nc3 Bh3 16. Qa4 c6 17. b5 Bxg2 18. Kxg2 Ne6 19. bxa6 bxa6 20. Ne2 Neg5 21. Neg1 f5 22. Nxg5 Nxg5 23. f4 exf4 24. exf4 Bxg1 25. Kxg1 Nh3+ 26. Kh1 Re2 27. Bd4 Rfe8 28. Rc2 Kh7 29. Rxe2 Rxe2 30. Qd1 Qe8 31. Be5 Qh5 0-1

[Event "Barbera del Valles op 38th"]
[Site "Barbera del Valles"]
[Date "2015.07.12"]
[Round "9"]
[White "Carrasco Rodriguez, Jesus"]
[Black "Segarra Calderer, Albert"]
[Result "1-0"]
[WhiteElo "2168"]
[BlackElo "2014"]
[PlyCount "53"]
[EventDate "2015.07.04"]
[EventType "swiss"]
[EventRounds "9"]
[EventCountry "ESP"]
[SourceTitle "CBM 167 Extra"]
[Source "ChessBase"]
[SourceDate "2015.09.14"]
[SourceVersion "1"]
[SourceVersionDate "2015.09.14"]
[SourceQuality "1"]

1. c4 e5 2. Nc3 g6 3. g3 Bg7 4. Bg2 Nf6 5. Nf3 Nc6 6. 0-0 0-0 7. d3 d6 8. h3 h6 9. Rb1 Kh7 10. b4 Nh5 11. e4 Ne7 12. Bb2 Be6 13. Nd5 c6 14. Nxe7 Qxe7 15. Qe2 f5 16. exf5 Bxf5 17. Qe3 Nf6 18. Rbd1 Rae8 19. Rfe1 Qd7 20. Kh2 e4 21. dxe4 Rxe4 22. Qxa7 c5 23. bxc5 Bxh3 24. Bxh3 Ng4+ 25. Bxg4 Rxg4 26. c6 Qxc6 27. Re7 1-0

[Event "Llinars del Valles op-A 7th"]
[Site "Llinars del Valles"]
[Date "2013.04.27"]
[Round "3"]
[White "Segarra Calderer, Albert"]
[Black "Lafuente Calvillo, Andrea"]
[Result "0-1"]
[WhiteElo "2059"]
[BlackElo "1790"]
[PlyCount "52"]
[EventDate "2013.04.13"]
[EventType "swiss"]
[EventRounds "7"]
[EventCountry "ESP"]
[SourceTitle "EXT 2014"]
[Source "ChessBase"]
[SourceDate "2013.11.20"]
[SourceVersion "1"]
[SourceVersionDate "2013.11.20"]
[SourceQuality "1"]

1. c4 e6 2. g3 Nf6 3. Bg2 d5 4. Nf3 Nbd7 5. 0-0 Be7 6. b3 0-0 7. Bb2 c5 8. e3 b6 9. Re1 Bb7 10. Nc3 a6 11. Qc2 Rc8 12. d3 Qc7 13. Rad1 Rfd8 14. Qe2 Bc6 15. a4 Qb7 16. d4 dxc4 17. bxc4 Ne4 18. d5 Nxc3 19. Bxc3 exd5 20. cxd5 Bxd5 21. e4 Bb3 22. Rxd7 Qxd7 23. Qb2 Qe6 24. Bxg7 Bxa4 25. Bh8 f6 26. Ng5 Qb3 0-1

[Event "Terrassa Barad op"]
[Site "Terrassa"]
[Date "2013.??.??"]
[Round "2"]
[White "Munoz Esteve, Antoni"]
[Black "Segarra Calderer, Albert"]
[Result "0-1"]
[WhiteElo "1673"]
[BlackElo "2012"]
[PlyCount "55"]
[EventDate "2013.10.18"]
[EventType "swiss"]
[EventRounds "8"]
[EventCountry "ESP"]
[SourceTitle "EXT 2015"]
[Source "ChessBase"]
[SourceDate "2014.11.20"]
[SourceVersion "1"]
[SourceVersionDate "2014.11.20"]
[SourceQuality "1"]

1. Nf3 d5 2. g3 e6 3. d3 Nf6 4. Bg2 Bd6 5. Nbd2 0-0 6. 0-0 e5 7. e4 dxe4 8. dxe4 Nc6 9. c3 a5 10. Qe2 Qe7 11. h3 Bc5 12. Nh2 Be6 13. Ndf3 h6 14. Be3 Bxe3 15. Qxe3 Rad8 16. g4 Bc4 17. Rfe1 Nd7 18. b3 Ba6 19. g5 h5 20. Rad1 Nc5 21. c4 Ne6 22. Rd2 Rxd2 23. Qxd2 Nf4 24. Qe3 Rd8 25. Bf1 b6 26. Rc1 Bb7 27. c5 Nd4 28. h4 0-1

[Event "Barbera del Valles op 35th"]
[Site "Barbera del Valles"]
[Date "2012.07.11"]
[Round "8"]
[White "Segarra Calderer, Albert"]
[Black "Medina de Baets, Vicente Jose"]
[Result "1-0"]
[WhiteElo "2058"]
[BlackElo "1978"]
[PlyCount "111"]
[EventDate "2012.07.04"]
[EventType "swiss"]
[EventRounds "9"]
[EventCountry "ESP"]
[SourceTitle "CBM 149 Extra"]
[Source "ChessBase"]
[SourceDate "2012.08.24"]
[SourceVersion "1"]
[SourceVersionDate "2012.08.24"]
[SourceQuality "1"]

1. c4 d6 2. g3 Nf6 3. Bg2 g6 4. Nf3 Bg7 5. Nc3 0-0 6. 0-0 e5 7. d4 exd4 8. Nxd4 a5 9. a3 Nbd7 10. b3 Nc5 11. Bb2 Nfd7 12. Nd5 c6 13. Ne3 Nb6 14. Rb1 Qe7 15. Qc2 Bh6 16. Qc3 f6 17. f4 Re8 18. Nd1 Bg7 19. Nf2 f5 20. Rfe1 Qe3 21. Qxe3 Rxe3 22. Nd1 Re7 23. Bc3 Ne4 24. Bxe4 Rxe4 25. e3 a4 26. Nf3 axb3 27. Bxg7 Kxg7 28. Nd2 Re7 29. Rxb3 Nd7 30. Rd3 Nc5 31. Rxd6 Rxa3 32. Nf3 Be6 33. Ne5 Nd7 34. Nxd7 Bxd7 35. Nb2 Be8 36. Nd3 Bf7 37. Ne5 Rc3 38. Red1 Bxc4 39. Rd7 Rxd7 40. Rxd7+ Kf8 41. Rxb7 Rxe3 42. Rxh7 g5 43. Nxc4 Rc3 44. Ne5 gxf4 45. gxf4 c5 46. Rc7 Kg8 47. Kg2 Rc2+ 48. Kg3 Rc3+ 49. Kh4 Rc2 50. h3 Rf2 51. Kg5 Rh2 52. h4 Kf8 53. Kxf5 c4 54. Rxc4 Kg7 55. Rc7+ Kh6 56. Ng4+ 1-0

[Event "Cerdanyola del Valles op-A 29th"]
[Site "Cerdanyola del Valles"]
[Date "2011.10.15"]
[Round "3"]
[White "Santiago Abril, Narcis J"]
[Black "Segarra Calderer, Albert"]
[Result "1-0"]
[WhiteElo "1870"]
[BlackElo "2075"]
[PlyCount "89"]
[EventDate "2011.10.01"]
[EventType "swiss"]
[EventRounds "8"]
[EventCountry "ESP"]
[SourceTitle "EXT 2013"]
[Source "ChessBase"]
[SourceDate "2012.11.22"]
[SourceVersion "1"]
[SourceVersionDate "2012.11.22"]
[SourceQuality "1"]

1. e4 d5 2. exd5 Nf6 3. Bc4 c6 4. dxc6 Nxc6 5. Nf3 Bg4 6. h3 Bh5 7. 0-0 e6 8. c3 Bd6 9. d4 Qc7 10. Be2 0-0-0 11. Nbd2 e5 12. dxe5 Bxe5 13. Nxe5 Qxe5 14. Bxh5 Nxh5 15. Qg4+ Kb8 16. Nf3 Qd5 17. c4 Qa5 18. Bd2 Rxd2 19. Nxd2 g6 20. Nf3 f5 21. Qg5 Rg8 22. a3 Qc7 23. Rad1 Qg7 24. Qd2 g5 25. Nd4 Nxd4 26. Qxd4 g4 27. Qxg7 Rxg7 28. h4 Nf4 29. g3 Ne2+ 30. Kg2 f4 31. Rd5 Re7 32. Rfd1 a6 33. Rd8+ Kc7 34. gxf4 Nxf4+ 35. Kg3 Ng6 36. h5 Ne5 37. R8d5 Nc6 38. Kxg4 Re4+ 39. f4 Rxc4 40. Rd7+ Kb6 41. Rxh7 Ne5+ 42. Kf5 Nf3 43. Rdd7 Nd4+ 44. Kg4 Ne6 45. Rd6+ 1-0